Lac léman - Statistiques

Statistiques générales
  • Ce quiz a été pris 66 fois
    55 depuis la dernière actualisation
  • Le résultat moyen est 12 sur 21
Statistiques - réponses
Questions Réponses % Correct
Quels sont les deux pays limitrophes du lac ? France Suisse
95%
Quelle viennoiserie a la même forme que le lac? Croissant
93%
Quelle ville suisse bordant le lac abrite le siège du CIO? Lausanne
93%
Quel fleuve alimente principalement le lac léman? Rhône
93%
Combien de cantons bordent le lac ? 3
91%
Quelle ville suisse bordant le lac est réputée pour son festival de jazz ? Montreux
84%
Quel emblème de la ville du bout du lac se dresse à plus de 140 mètres de haut? Jet d’eau
80%
Quelles sont les deux villes thermales françaises bordant le lac à distribuer leur eau minérale en bouteille? Evian Thônon
77%
Quel poisson en filet est l’une des spécialités du lac? Perche
70%
Quel village français médiéval peut-on visiter sur les bords du léman? Yvoire
55%
Quelle entreprise gère le service de bateaux à aube assurant les principales liaisons sur le lac? Compagnie générale navigation / CGN
50%
Quel château, monument historique le plus visité en Suisse, se dresse sur une île du lac léman? Chillon
43%
Quelle ligne ferroviaire transfrontalière est mise en service en 2018? Leman express
43%
Mont surplombant Genève et offrant un belvédère sur le lac? Salève
39%
Quel vignoble suisse inscrit au patrimoine mondial de l’Unesco surplombe le lac léman? Lavaux
36%
Quel écrivain rêveur et promeneur a une île qui porte son nom à Genève? Rousseau
36%
Quel parc d’attraction situé au bord du lac fait la part belle aux jeux d’eau? Aquaparc
34%
Quelle embarcation genevoise permettant d’aller d’une à l’autre porte le nom d’un oiseau? Mouette
32%
Quel commune située sur la rive suisse porte le nom d’un fruit d’automne ou d’un fruit défendu? Gland
27%
Quel nom porte la partie littorale vaudoise offrant un merveilleux panorama entre Vevey et jusqu’au delà de Montreux? Riviera vaudoise
9%
Quel nom porte la réserve naturelle située entre le Bouveret et l’embouchure du Rhône? Grangettes
5%
Aucun quiz correspondant
Distribution des résultats
% des personnes avec chaque résultat
Percentile par nombre de réponses
Votre historique - résultats
Vous n’avez pas pris ce quiz depuis la dernière actualisation